|
|
|
|
| LEADER |
00000nam a22000007a 4500 |
| 005 |
20191003215537.0 |
| 007 |
cr|||| |||| |
| 008 |
191003s2019 pt |||||s|||| 00||0 por d |
| 020 |
|
|
|a 9786139783618
|
| 035 |
|
|
|a 29109
|
| 040 |
|
|
|a vLex
|
| 090 |
|
|
|c 9694
|d 9694
|
| 100 |
1 |
|
|a de Barros Souza, Beatriz
|
| 245 |
1 |
0 |
|a Campos de Exclusô
|h [Recurso electrn̤ico] /
|c Beatriz de Barros Souza
|
| 256 |
|
|
|a Servicio en ln̕ea
|
| 260 |
|
|
|a Lisboa:
|b Novas Ediė̳s Acadm̊icas,
|c 2019
|
| 300 |
|
|
|a 1 recurso electrn̤ico
|
| 500 |
|
|
|a O presente livro ̌produto do Mestrado em Direitos Humanos da Universidade de Sô Paulo (USP) orientado pela Profa. Dra. Eva Alterman Blay (USP) e defendido perante banca composta pelos professores Guilherme Assis de Almeida (USP), Deisy Ventura (USP) e Carla Cristina Garcia (PUC-SP), com apoio da Fundaȯ̂ Sasakawa (2016), aos 04 de maio 2017. Na primeira parte do livro serô resgatados fatos histr̤icos relativos a Dadaab, que veio a ser o maior campo de refugiados do mundo. A segunda parte buscar ̀descrever esse campo de maneira mais ampla, com panoramas acerca dos aspectos administrativos, de infraestrutura e da dinḿica sc̤io-espacial no seu cotidiano. Esperamos que a obra subsidie futuros estudos de caso sobre campos de refugiados e seus dispositivos de exclusô na atualidade.
|
| 506 |
1 |
|
|a Disponible solo en los productos indicados
|d vLex Global
|d vLex Global (Academic Edition, excluding Law Schools)
|d vLex Global (U.S. Academic Edition, Law Schools)
|d vLex Global (U.S. Academic Edition, excluding Law Schools)
|d vLex Global (Academic Edition, Law Schools)
|
| 650 |
0 |
4 |
|a Derecho Internacional
|z Portugal
|
| 740 |
0 |
|
|a vLex Libros (Servicio en ln̕ea)
|
| 856 |
4 |
0 |
|u http://vlex.com/source/29109
|z Acceso restringido
|
| 942 |
|
|
|c BOOK
|
| 999 |
0 |
|
|a International right
|